L.D.Faddevv's seminar on mathematical physics

Αποθηκεύτηκε σε:
Λεπτομέρειες βιβλιογραφικής εγγραφής
Άλλοι συγγραφείς: Semenov-Tian-Shanskii, Michael (Επιμελητής έκδοσης)
Μορφή: Βιβλίο
Γλώσσα:English
Δημοσίευση: Providence, Rhode Island : American Mathematical Society, c2000
Σειρά:American Mathematical Society translations. Advances in the mathematical science ; ; 201; Series 2 ; 49
Θέματα:
Ετικέτες: Προσθήκη ετικέτας
Δεν υπάρχουν, Καταχωρήστε ετικέτα πρώτοι!

MARC

LEADER 00000nam a2200000 i 4500
001 1/73298
008 050311s2000 eng d
020 |a 0-8218-2133-4 (hbk.) 
035 |l 10077057 
040 |a GR-MY-UA  |b gre  |e aacr 
041 0 |a eng 
082 0 |a 510  |2 (21) 
245 1 0 |a L.D.Faddevv's seminar on mathematical physics /  |c Michael Semenov-Tian-Shansky, editor 
260 |a Providence, Rhode Island :   |b American Mathematical Society,   |c c2000 
300 |a viii, 321 σ.;  |c 26 εκ. 
490 1 |a American Mathematical Society translations. Advances in the mathematical science  |v ; 201; Series 2  |v ; 49 
504 |a Περιλαμβάνει βιβλιογραφικές αναφορές 
600 1 0 |a Faddeev L.D. 
650 0 0 |a Mathematical physics. 
700 1 |a Semenov-Tian-Shanskii, Michael.  |4 edt 
830 0 |a American Mathematical Society translations. Advances in the mathematical science ;  |v ; 201; Series 2  |v ; 49 
852 |a INST  |b CHIOS  |e 20050311  |h 510 LDF  |p 005200021955  |q 005200021955  |t BK  |y 0 
901 |a BIBL2-2005-1 
909 |a Χ  |b 112945 
920 |a ΔΙΕΥΡΥΝΣΗ  |b ΕΠΕΑΕΚ-ΤΜΟΔ  |y ΧΙΟΣ  |z 2004-12 
970 |a ΣΑΛΑΜΟΥΡΑ  |b ΜΑΡΙΑ  |z 2005/03/11